|
|
|
|
| LEADER |
00000cac a2200000 a 4500 |
| 001 |
85761a |
| 003 |
Ucuenca |
| 005 |
20230308164503.0 |
| 008 |
000000|1982 ag |||||r|||||||||||spa|| |
| 020 |
|
|
|a 950-082-064-1
|
| 040 |
|
|
|b spa
|
| 041 |
0 |
|
|a es
|
| 082 |
0 |
|
|a 304.6
|
| 100 |
1 |
|
|a Ander Egg, Ezequiel.
|d 1930-
|9 45941
|
| 245 |
|
3 |
|a La explosión demográfica y el proceso urbano
|c Ezequiel Ander-Egg
|h imp
|
| 264 |
|
|
|a Buenos Aires
|b Humanitas
|c 1982
|
| 300 |
|
|
|a 92 páginas:
|c 22.5 cm
|
| 490 |
|
|
|a Guidance
|n no. 18
|
| 650 |
|
0 |
|a Demografía
|9 7203
|
| 650 |
|
0 |
|a Migracion interna
|9 24281
|
| 650 |
|
0 |
|a Migracion rural
|9 35439
|
| 852 |
|
|
|a UC-CDJBV
|f Compra
|l 1
|m General
|p 00000000
|r 2
|t 85761a
|b 0
|d CDRC
|e CDRC
|g 304.6 PRIMER PISO
|z 0000-00-00
|
| 942 |
|
|
|c CR
|2 ddc
|r luz.vázquez@ucuenca.edu.ec
|0 3
|
| 999 |
|
|
|c 25342
|d 25342
|